[Event "GRE-chT 49th"]
[Site "Thessaloniki"]
[Date "2022.08.14"]
[Round "4.9"]
[White "Zalahoras, Nikolaos"]
[Black "Kazantzidis, Ilias"]
[Result "1-0"]
[WhiteElo "2072"]
[BlackElo "2220"]
[PlyCount "83"]
[EventDate "2022.08.12"]
[EventType "team-swiss"]
[EventRounds "7"]
[EventCountry "GRE"]
[SourceTitle "CBM 209 Extra"]
[Source "ChessBase"]
[SourceDate "2022.09.30"]
[SourceVersion "1"]
[SourceVersionDate "2022.09.30"]
[SourceQuality "1"]
[WhiteTeam "Thessaloniki Sach"]
[BlackTeam "Pneemathlon"]
[WhiteTeamCountry "GRE"]
[BlackTeamCountry "GRE"]

1. c4 e6 2. g3 f5 3. Bg2 Nf6 4. d3 g6 5. Nc3 Bg7 6. e4 fxe4 7. dxe4 Nc6 8. Nf3 0-0 9. 0-0 e5 10. h3 d6 11. Be3 b6 12. Qd2 Be6 13. b3 Kh8 14. Rad1 Qd7 15. Ng5 Bg8 16. f4 Nh5 17. Ne2 h6 18. Nf3 exf4 19. gxf4 Qe7 20. Nh2 Rae8 21. Ng4 Nd8 22. e5 Nf7 23. Bc6 Rd8 24. e6 Qxe6 25. Nd4 Qe7 26. f5 Ne5 27. Nxh6 Nxc6 28. Nxc6 Qh4 29. Bg5 Qg3+ 30. Qg2 Qxg2+ 31. Kxg2 Rde8 32. Nxg8 Rxg8 33. f6 Nxf6 34. Bxf6 Re2+ 35. Kg3 Rxa2 36. Ne7 Re8 37. Rde1 Rb8 38. Bxg7+ Kxg7 39. Re6 Rb2 40. Rxg6+ Kh8 41. Rf5 Rxb3+ 42. Kh4 1-0

[Event "Thessaloniki Triandria op 10th"]
[Site "Thessaloniki"]
[Date "2017.04.22"]
[Round "7"]
[White "Betsakos, Konstantinos"]
[Black "Kazantzidis, Ilias"]
[Result "0-1"]
[WhiteElo "1909"]
[BlackElo "2174"]
[PlyCount "113"]
[EventDate "2017.04.17"]
[EventType "swiss"]
[EventRounds "9"]
[EventCountry "GRE"]
[SourceTitle "CBM 178 Extra"]
[Source "ChessBase"]
[SourceDate "2017.06.22"]
[SourceVersion "1"]
[SourceVersionDate "2017.06.22"]
[SourceQuality "1"]

1. d4 Nf6 2. Nf3 d5 3. Bf4 e6 4. e3 Bd6 5. Bg3 b6 6. Nbd2 Bb7 7. Bd3 Nbd7 8. Ne5 0-0 9. f4 Ne4 10. c3 Bxe5 11. fxe5 Qg5 12. Qf3 f6 13. Bxe4 fxe5 14. Bxh7+ Kxh7 15. Qe2 exd4 16. exd4 a5 17. Nf3 Qh6 18. Qd2 c5 19. 0-0 Qxd2 20. Nxd2 Ba6 21. Rxf8 Nxf8 22. dxc5 bxc5 23. Nb3 Nd7 24. Nxa5 Bb5 25. Nb7 Bc6 26. Nd6 Kg6 27. b4 cxb4 28. cxb4 d4 29. b5 Bd5 30. a4 e5 31. Bh4 e4 32. g4 Ne5 33. Nf5 Nf3+ 34. Kf2 Be6 35. Bg3 Kf6 36. b6 Bd5 37. Nd6 e3+ 38. Ke2 Ne5 39. g5+ Ke6 40. Nb5 Bc4+ 41. Kd1 Bxb5 42. b7 Rb8 43. axb5 Rxb7 44. Rb1 Nf3 45. Ke2 Nxg5 46. Kd3 Kd5 47. b6 Ne6 48. Rb4 Nc5+ 49. Ke2 Ke4 50. Bc7 Ne6 51. Rc4 g5 52. Ke1 Nf4 53. Ra4 Nd3+ 54. Ke2 Nf4+ 55. Ke1 Kf3 56. Ra3 d3 57. h3 0-1

[Event "Kavala op 25th"]
[Site "Kavala"]
[Date "2016.08.06"]
[Round "9"]
[White "Charkhalashvili, Inga"]
[Black "Kazantzidis, Ilias"]
[Result "1-0"]
[WhiteElo "2379"]
[BlackElo "2113"]
[PlyCount "51"]
[EventDate "2016.07.30"]
[EventType "swiss"]
[EventRounds "9"]
[EventCountry "GRE"]
[SourceTitle "CBM 173 Extra"]
[Source "ChessBase"]
[SourceDate "2016.08.29"]
[SourceVersion "1"]
[SourceVersionDate "2016.08.29"]
[SourceQuality "1"]

1. d4 d5 2. Nf3 Nf6 3. Bf4 e6 4. e3 Bd6 5. Bd3 c5 6. c3 0-0 7. 0-0 Nc6 8. dxc5 Bxc5 9. Nbd2 h6 10. h3 Bd6 11. Bxd6 Qxd6 12. e4 Rd8 13. Qe2 dxe4 14. Bxe4 Nxe4 15. Nxe4 Qd3 16. Qxd3 Rxd3 17. Rad1 Rxd1 18. Rxd1 Kf8 19. b4 Ke7 20. Nd6 a6 21. a4 g5 22. b5 axb5 23. axb5 Nd8 24. Ne5 Bd7 25. Nxd7 Kxd7 26. Nxb7+ 1-0

[Event "GRE-chT 44th"]
[Site "Achaia"]
[Date "2016.07.10"]
[Round "7.9"]
[White "Pavlidis, Anastasios"]
[Black "Kazantzidis, Ilias"]
[Result "1-0"]
[WhiteElo "2380"]
[BlackElo "2113"]
[PlyCount "73"]
[EventDate "2016.07.05"]
[EventType "team-swiss"]
[EventRounds "7"]
[EventCountry "GRE"]
[SourceTitle "CBM 173 Extra"]
[Source "ChessBase"]
[SourceDate "2016.08.29"]
[SourceVersion "1"]
[SourceVersionDate "2016.08.29"]
[SourceQuality "1"]
[WhiteTeam "Chania Kydon"]
[BlackTeam "Kavalas OFS"]
[WhiteTeamCountry "GRE"]
[BlackTeamCountry "GRE"]

1. d4 d5 2. c4 e6 3. Nc3 Nf6 4. Nf3 Be7 5. Bf4 0-0 6. e3 Nbd7 7. Qc2 c5 8. Rd1 dxc4 9. Bxc4 Qa5 10. 0-0 cxd4 11. exd4 Nb6 12. Nd2 Nxc4 13. Nxc4 Qd8 14. Rfe1 Nd5 15. Nxd5 exd5 16. Ne5 Be6 17. Qb3 Qb6 18. Rd3 Rfc8 19. Qd1 Qxb2 20. Nxf7 Bxf7 21. Rxe7 Re8 22. Rxe8+ Rxe8 23. Rd2 Qc3 24. Be5 Rc8 25. Qg4 Bg6 26. Rd1 Qc2 27. Re1 Qf5 28. Qh4 Qe4 29. f4 Qf5 30. g4 Qd7 31. f5 Be8 32. Bf4 Bf7 33. Qf2 h5 34. Be5 hxg4 35. f6 g6 36. Qh4 Qf5 37. Qh6 1-0

[Event "GRE-chT 44th"]
[Site "Achaia"]
[Date "2016.07.09"]
[Round "6.13"]
[White "Lekic, Dusan"]
[Black "Kazantzidis, Ilias"]
[Result "1/2-1/2"]
[WhiteElo "2374"]
[BlackElo "2113"]
[PlyCount "61"]
[EventDate "2016.07.05"]
[EventType "team-swiss"]
[EventRounds "7"]
[EventCountry "GRE"]
[SourceTitle "CBM 173 Extra"]
[Source "ChessBase"]
[SourceDate "2016.08.29"]
[SourceVersion "1"]
[SourceVersionDate "2016.08.29"]
[SourceQuality "1"]
[WhiteTeam "Egaleo CN"]
[BlackTeam "Kavalas OFS"]
[WhiteTeamCountry "GRE"]
[BlackTeamCountry "GRE"]

1. d4 d5 2. c4 e6 3. Nf3 Nf6 4. g3 Be7 5. Bg2 0-0 6. 0-0 dxc4 7. Qc2 a6 8. a4 Bd7 9. Qxc4 Bc6 10. Bg5 Bd5 11. Qc2 Be4 12. Qd1 h6 13. Bxf6 Bxf6 14. Nc3 Bh7 15. Qb3 Nc6 16. d5 Na5 17. Qb4 c5 18. dxc6 Nxc6 19. Qxb7 Na5 20. Qb4 Rb8 21. Qf4 Rxb2 22. Ne4 Bxe4 23. Qxe4 Qb6 24. Rab1 Rb8 25. Rxb2 Qxb2 26. Rd1 Qb4 27. Qxb4 Rxb4 28. Rd6 Rxa4 29. Rxa6 Ra1+ 30. Bf1 Nc4 31. Rxa1 1/2-1/2

[Event "GRE-chT 44th"]
[Site "Achaia"]
[Date "2016.07.08"]
[Round "5.12"]
[White "Kazantzidis, Ilias"]
[Black "Darmarakis, Mihail"]
[Result "1-0"]
[WhiteElo "2113"]
[BlackElo "2238"]
[PlyCount "59"]
[EventDate "2016.07.05"]
[EventType "team-swiss"]
[EventRounds "7"]
[EventCountry "GRE"]
[SourceTitle "CBM 173 Extra"]
[Source "ChessBase"]
[SourceDate "2016.08.29"]
[SourceVersion "1"]
[SourceVersionDate "2016.08.29"]
[SourceQuality "1"]
[WhiteTeam "Kavalas OFS"]
[BlackTeam "Chania Kaissa"]
[WhiteTeamCountry "GRE"]
[BlackTeamCountry "GRE"]

1. d4 Nf6 2. Bg5 Ne4 3. Bf4 c5 4. f3 Qa5+ 5. c3 Nf6 6. d5 Qb6 7. e4 Qxb2 8. Nd2 Qxc3 9. Bc7 Qe3+ 10. Ne2 b5 11. Rb1 d6 12. Rxb5 Na6 13. Nc4 Qh6 14. Ba5 Nd7 15. Bd2 g5 16. h4 Nb4 17. Ng3 Ba6 18. hxg5 Qg6 19. Ra5 Bg7 20. Nf5 Kf8 21. a3 Bxc4 22. Bxc4 Ne5 23. Qb3 e6 24. dxe6 d5 25. Bxb4 Qxg5 26. Bxc5+ Kg8 27. Ne7+ Kf8 28. Nf5+ Kg8 29. Bxd5 Qc1+ 30. Ke2 1-0

[Event "GRE-chT 44th"]
[Site "Achaia"]
[Date "2016.07.06"]
[Round "2.13"]
[White "Kazantzidis, Ilias"]
[Black "Galopoulos, Nikolaos"]
[Result "1/2-1/2"]
[WhiteElo "2113"]
[BlackElo "2375"]
[PlyCount "125"]
[EventDate "2016.07.05"]
[EventType "team-swiss"]
[EventRounds "7"]
[EventCountry "GRE"]
[SourceTitle "CBM 173 Extra"]
[Source "ChessBase"]
[SourceDate "2016.08.29"]
[SourceVersion "1"]
[SourceVersionDate "2016.08.29"]
[SourceQuality "1"]
[WhiteTeam "Kavalas OFS"]
[BlackTeam "Florinas OP"]
[WhiteTeamCountry "GRE"]
[BlackTeamCountry "GRE"]

1. d4 e6 2. Nf3 c5 3. e3 Nf6 4. Be2 b6 5. 0-0 Bb7 6. b3 Be7 7. Bb2 0-0 8. c4 cxd4 9. Nxd4 d6 10. Nc3 a6 11. Bf3 Qc7 12. Rc1 Nbd7 13. Bxb7 Qxb7 14. Qf3 Qxf3 15. gxf3 Rfc8 16. Rfd1 Rc7 17. Kg2 Rac8 18. f4 g6 19. Nde2 Ne8 20. Ba3 f5 21. Nd4 Kf7 22. Na4 Nef6 23. Ne2 Ne4 24. f3 Nec5 25. Nxc5 Nxc5 26. Nc3 Rc6 27. Rd2 Bf6 28. Ne2 Nb7 29. Rcd1 Rd8 30. Nd4 Bxd4 31. Rxd4 b5 32. cxb5 axb5 33. R1d2 Ra6 34. Bb4 Ke8 35. e4 h6 36. Kf2 Kf7 37. h4 h5 38. Rc2 Rd7 39. Ke3 Nd8 40. Rcd2 Nb7 41. Rc2 Nd8 42. a3 fxe4 43. fxe4 d5 44. exd5 exd5 45. Rc5 Re7+ 46. Kd3 Ne6 47. Rcxd5 Nxd4 48. Bxe7 Kxe7 49. Kxd4 Rxa3 50. Rxb5 Ra1 51. f5 Kf6 52. fxg6 Kxg6 53. Rg5+ Kh6 54. Re5 Kg6 55. Rg5+ Kh6 56. Re5 Kg6 57. Re4 Kf5 58. Kd5 Ra5+ 59. Kd4 Rb5 60. Re3 Rb4+ 61. Kc5 Rxh4 62. b4 Rh1 63. Kd5 1/2-1/2

[Event "GRE-chT 44th"]
[Site "Achaia"]
[Date "2016.07.06"]
[Round "3.15"]
[White "Kazantzidis, Ilias"]
[Black "Sandalakis, Angelos"]
[Result "0-1"]
[WhiteElo "2113"]
[BlackElo "2444"]
[PlyCount "82"]
[EventDate "2016.07.05"]
[EventType "team-swiss"]
[EventRounds "7"]
[EventCountry "GRE"]
[SourceTitle "CBM 173 Extra"]
[Source "ChessBase"]
[SourceDate "2016.08.29"]
[SourceVersion "1"]
[SourceVersionDate "2016.08.29"]
[SourceQuality "1"]
[WhiteTeam "Kavalas OFS"]
[BlackTeam "Rhodes Knight"]
[WhiteTeamCountry "GRE"]
[BlackTeamCountry "GRE"]

1. d4 Nf6 2. Nf3 e6 3. Bg5 c5 4. e3 h6 5. Bxf6 Qxf6 6. c3 cxd4 7. exd4 Qg6 8. Rg1 Qe4+ 9. Be2 d6 10. Nbd2 Qc6 11. Bd3 Nd7 12. Qe2 Be7 13. 0-0-0 Qc7 14. Kb1 Nb6 15. c4 Bd7 16. Rc1 0-0-0 17. Ne4 Kb8 18. Nc3 Rhe8 19. g4 g5 20. Nd2 Na4 21. Nxa4 Bxa4 22. Ne4 Qb6 23. Nc3 Bd7 24. Qe3 Bf6 25. Ne2 Bg7 26. Bc2 f5 27. h3 a5 28. Rcd1 Rc8 29. Qb3 Qc6 30. Bd3 Rf8 31. gxf5 exf5 32. d5 Qc5 33. Rdf1 f4 34. Rh1 a4 35. Qc2 a3 36. bxa3 f3 37. Nc1 b5 38. Qb3 Ka8 39. Qb4 bxc4 40. Qxc5 Rxc5 41. Be4 Rb8+ 0-1

[Event "GRE-chT 43rd"]
[Site "Porto Rio"]
[Date "2015.10.10"]
[Round "4.4"]
[White "Halkias, Stelios"]
[Black "Kazantzidis, Ilias"]
[Result "1-0"]
[WhiteElo "2534"]
[BlackElo "2112"]
[PlyCount "119"]
[EventDate "2015.10.08"]
[EventType "team-swiss"]
[EventRounds "7"]
[EventCountry "GRE"]
[SourceTitle "CBM 168 Extra"]
[Source "ChessBase"]
[SourceDate "2015.10.29"]
[SourceVersion "1"]
[SourceVersionDate "2015.10.29"]
[SourceQuality "1"]
[WhiteTeam "Nice Fysiolatris"]
[BlackTeam "Kavalas OFS"]
[WhiteTeamCountry "GRE"]
[BlackTeamCountry "GRE"]

1. c4 e6 2. Nf3 Nf6 3. d4 Be7 4. g3 d5 5. Bg2 0-0 6. 0-0 dxc4 7. Qc2 a6 8. a4 Bd7 9. Qxc4 Bc6 10. Bf4 Bd6 11. Bg5 Nbd7 12. Nc3 h6 13. Bxf6 Nxf6 14. Rfd1 Qe7 15. Nd2 Bxg2 16. Kxg2 Bb4 17. Na2 Bxd2 18. Rxd2 c6 19. Nc1 e5 20. dxe5 Qxe5 21. Nd3 Qe4+ 22. Qxe4 Nxe4 23. Rc2 Rfd8 24. Ra3 Nd6 25. Rb3 Rac8 26. Nc5 Rc7 27. Rd2 Kf8 28. e4 Ke7 29. e5 Nc4 30. Rxd8 Kxd8 31. Nxb7+ Kc8 32. Nc5 Nxe5 33. Nxa6 Ra7 34. Rb8+ Kd7 35. Nc5+ Kd6 36. b4 Nc4 37. Rd8+ Ke7 38. Rb8 Kd6 39. Kf3 Nb2 40. Rd8+ Ke7 41. Rd2 Nc4 42. Ra2 Nb6 43. Ke4 Nd5 44. Rb2 Kd6 45. Kd4 f5 46. Re2 Nxb4 47. Re6+ Kc7 48. Re7+ Kb8 49. Re8+ Kc7 50. Re7+ Kb8 51. Nd7+ Kc8 52. Nb6+ Kb8 53. Nd7+ Kc8 54. Kc5 Nd3+ 55. Kd6 Ra6 56. Re8+ Kb7 57. Rb8+ Ka7 58. Kc7 Rxa4 59. Rb7+ Ka6 60. Nb8+ 1-0

[Event "GRE-ch U18/20"]
[Site "Peristeri"]
[Date "2011.01.05"]
[Round "4"]
[White "Kazantzidis, Ilias"]
[Black "Sandalakis, Nikolaos"]
[Result "1/2-1/2"]
[WhiteElo "2078"]
[BlackElo "1915"]
[PlyCount "25"]
[EventDate "2011.01.03"]
[EventType "swiss"]
[EventRounds "9"]
[EventCountry "GRE"]
[SourceTitle "CBM 140 Extra"]
[Source "ChessBase"]
[SourceDate "2011.03.01"]
[SourceVersion "1"]
[SourceVersionDate "2011.03.01"]
[SourceQuality "1"]

1. d4 Nf6 2. c4 e6 3. Nc3 Bb4 4. Qc2 d5 5. a3 Bxc3+ 6. Qxc3 Ne4 7. Qc2 Nc6 8. e3 e5 9. Bd3 Bf5 10. Nf3 exd4 11. 0-0 dxe3 12. cxd5 Qxd5 13. Bxe3 1/2-1/2

[Event "GRE-chT 37th"]
[Site "Kallithea"]
[Date "2009.07.05"]
[Round "3"]
[White "Kouvatsos, Filippos"]
[Black "Kazantzidis, Ilias"]
[Result "0-1"]
[WhiteElo "2093"]
[BlackElo "2106"]
[PlyCount "32"]
[EventDate "2009.07.03"]
[EventType "team-tourn"]
[EventRounds "9"]
[EventCountry "GRE"]
[SourceTitle "CBM 131 Extra"]
[Source "ChessBase"]
[SourceDate "2009.09.03"]
[SourceVersion "2"]
[SourceVersionDate "2009.09.16"]
[SourceQuality "1"]

1. d4 d5 2. Nf3 Nf6 3. c4 c5 4. cxd5 cxd4 5. Nxd4 Nxd5 6. e4 Nb4 7. Bb5+ Bd7 8. 0-0 e5 9. a3 exd4 10. Bxd7+ Qxd7 11. axb4 Bxb4 12. Nd2 Nc6 13. Nf3 0-0 14. Qd3 Rfe8 15. Rd1 Qe7 16. Nxd4 Nxd4 0-1

[Event "Kalamaria op 5th"]
[Site "Kalamaria"]
[Date "2008.08.02"]
[Round "1"]
[White "Stocek, Jiri"]
[Black "Kazantzidis, Ilias"]
[Result "1-0"]
[WhiteElo "2559"]
[BlackElo "2050"]
[PlyCount "53"]
[EventDate "2008.08.02"]
[EventType "swiss"]
[EventRounds "9"]
[EventCountry "GRE"]
[SourceTitle "CBM 126 Extra"]
[Source "ChessBase"]
[SourceDate "2008.11.05"]
[SourceVersion "1"]
[SourceVersionDate "2008.11.05"]
[SourceQuality "1"]

1. Nf3 d5 2. c4 d4 3. e3 Nc6 4. exd4 Nxd4 5. Nxd4 Qxd4 6. Be2 Bf5 7. Nc3 0-0-0 8. Qa4 a6 9. d3 Bxd3 10. Bxd3 Qxd3 11. Be3 Qd7 12. Qa5 e6 13. 0-0 Qc6 14. Rac1 Nf6 15. h3 Ne4 16. b4 Nxc3 17. Rxc3 e5 18. b5 Qe6 19. c5 Rd5 20. c6 Rxb5 21. cxb7+ Rxb7 22. Rfc1 Bd6 23. Qxa6 Kb8 24. Rb3 Rxb3 25. Ba7+ Ka8 26. Bb6+ Kb8 27. Qa7+ 1-0

[Event "EU School-ch U15"]
[Site "Kallithea"]
[Date "2008.05.02"]
[Round "5"]
[White "Kazantzidis, Ilias"]
[Black "Petermann, Michail"]
[Result "0-1"]
[WhiteElo "2061"]
[BlackElo "2015"]
[PlyCount "70"]
[EventDate "2008.04.29"]
[EventType "swiss"]
[EventRounds "9"]
[EventCountry "GRE"]
[SourceTitle "CBM 124 Extra"]
[Source "ChessBase"]
[SourceDate "2008.07.03"]
[SourceVersion "1"]
[SourceVersionDate "2008.07.03"]
[SourceQuality "1"]

1. f4 Nf6 2. b3 e6 3. e3 b6 4. Nf3 Bb7 5. Be2 c5 6. Bb2 Be7 7. 0-0 d6 8. d3 Qc7 9. a4 Nc6 10. Na3 a6 11. Qe1 Nd5 12. Bd1 Bf6 13. c3 0-0-0 14. Qd2 Kb8 15. e4 Nde7 16. d4 Nc8 17. b4 N6a7 18. Qe3 Rhe8 19. Rc1 g6 20. Be2 Bg7 21. e5 Bf8 22. g3 Qd7 23. exd6 Nxd6 24. dxc5 bxc5 25. g4 Qxa4 26. Qxc5 Ndb5 27. Qe5+ Bd6 28. Qe3 Nxa3 29. Ra1 Nc2 30. Qxa7+ Kxa7 31. Rxa4 Bxf4 32. b5 Be3+ 33. Kh1 Rd2 34. Rxa6+ Kb8 35. c4 Rxe2 0-1

[Event "Kavala Kleisto"]
[Site "Kavala"]
[Date "2008.03.24"]
[Round "?"]
[White "Pavlidis, Antonios"]
[Black "Kazantzidis, Ilias"]
[Result "1/2-1/2"]
[WhiteElo "2218"]
[BlackElo "2073"]
[PlyCount "61"]
[EventDate "2008.03.21"]
[EventType "tourn"]
[EventRounds "7"]
[EventCountry "GRE"]
[SourceTitle "EXT 2010"]
[Source "ChessBase"]
[SourceDate "2010.11.25"]
[SourceVersion "1"]
[SourceVersionDate "2010.11.25"]
[SourceQuality "1"]

1. e4 c5 2. Nf3 Nc6 3. d4 cxd4 4. Nxd4 Qb6 5. Nb3 e6 6. Nc3 a6 7. g3 Nf6 8. Bg2 Be7 9. Qe2 d6 10. 0-0 Nd7 11. Bd2 0-0 12. Rae1 Rd8 13. Kh1 Nc5 14. f4 Qc7 15. Nxc5 dxc5 16. Nd5 exd5 17. exd5 Bd7 18. dxc6 Bxc6 19. Qxe7 Qxe7 20. Rxe7 Rxd2 21. Bxc6 bxc6 22. Rfe1 Kf8 23. R7e2 Rxe2 24. Rxe2 Re8 25. Rd2 Rb8 26. c3 Ke7 27. Kg2 Rd8 28. Rxd8 Kxd8 29. Kf2 Kd7 30. Ke3 Kd6 31. Ke4 1/2-1/2

[Event "Kavala Kleisto"]
[Site "Kavala"]
[Date "2008.03.22"]
[Round "?"]
[White "Fakhiridou, Ekaterini"]
[Black "Kazantzidis, Ilias"]
[Result "1/2-1/2"]
[WhiteElo "2295"]
[BlackElo "2073"]
[PlyCount "119"]
[EventDate "2008.03.21"]
[EventType "tourn"]
[EventRounds "7"]
[EventCountry "GRE"]
[SourceTitle "EXT 2010"]
[Source "ChessBase"]
[SourceDate "2010.11.25"]
[SourceVersion "1"]
[SourceVersionDate "2010.11.25"]
[SourceQuality "1"]

1. e4 e5 2. Nf3 Nc6 3. Bb5 Bc5 4. d3 Nd4 5. Nxd4 Bxd4 6. c3 Bb6 7. 0-0 c6 8. Ba4 Ne7 9. Nd2 0-0 10. Qh5 f6 11. Nc4 Bc7 12. Bb3 d5 13. Ne3 f5 14. exd5 cxd5 15. c4 d4 16. c5+ Kh8 17. Nc4 e4 18. Bg5 Qe8 19. Qxe8 Rxe8 20. Nd6 Bxd6 21. cxd6 Nc6 22. Rad1 Be6 23. Ba4 exd3 24. Bxc6 bxc6 25. Rxd3 Bc4 26. Rxd4 Bxf1 27. Kxf1 h6 28. Be7 Kg8 29. d7 Rxe7 30. d8Q+ Rxd8 31. Rxd8+ Kf7 32. Rc8 Rb7 33. b3 a5 34. Rxc6 a4 35. Rc2 axb3 36. Rb2 Ke6 37. Rxb3 Ra7 38. Rb2 Kd5 39. f3 Kc4 40. Re2 Kd3 41. f4 Ra4 42. g3 g5 43. fxg5 hxg5 44. Rb2 Ra5 45. Kg2 Ke3 46. Rb3+ Ke2 47. Rf3 Rc5 48. a4 Ra5 49. Ra3 f4 50. g4 Kd2 51. Kf3 Re5 52. Ra2+ Kc3 53. Re2 Rd5 54. h4 Rd3+ 55. Ke4 Rd4+ 56. Kf3 Rd3+ 57. Kf2 gxh4 58. a5 Rg3 59. Ra2 Rxg4 60. a6 1/2-1/2